[Event "Moscow op-E"]
[Site "Moscow"]
[Date "2011.02.03"]
[Round "6.245"]
[White "Safronov, Kirill"]
[Black "Zuev, Ilja"]
[Result "1-0"]
[WhiteElo "1875"]
[BlackElo "1573"]
[PlyCount "77"]
[EventDate "2011.01.29"]
[EventType "swiss"]
[EventRounds "9"]
[EventCountry "RUS"]
[SourceTitle "EXT 2022"]
[Source "ChessBase"]
[SourceDate "2021.10.06"]
[SourceVersion "1"]
[SourceVersionDate "2021.10.06"]
[SourceQuality "1"]

1. Nf3 d5 2. g3 Nf6 3. Bg2 Nc6 4. d3 e6 5. 0-0 Be7 6. Nbd2 0-0 7. c3 e5 8. e4 dxe4 9. dxe4 Be6 10. Qc2 Qc8 11. Rd1 Rd8 12. b3 Bh3 13. Bb2 Bc5 14. b4 Bd6 15. Nc4 h6 16. Ne3 Bxg2 17. Kxg2 b5 18. Rd2 a5 19. a3 Qb7 20. Rad1 Be7 21. Nd5 Nxd5 22. exd5 Nb8 23. Nxe5 Bf6 24. Ng4 Nd7 25. Kg1 Bg5 26. Re2 Nf6 27. Nxf6+ Bxf6 28. Red2 Qb6 29. Rd3 Rac8 30. Bc1 a4 31. Be3 Qd6 32. Bc5 Qd7 33. d6 cxd6 34. Rxd6 Qg4 35. Rxd8+ Rxd8 36. Rxd8+ Bxd8 37. Qd3 Bc7 38. Qxb5 Qd1+ 39. Kg2 1-0